Epistolario / (Record no. 178901)

MARC details
000 -LEADER
campo de control de longitud fija 01171nam a2200301 i 4500
001 - NÚMERO DE CONTROL
campo de control 178901
003 - IDENTIFICADOR DE NÚMERO DE CONTROL
campo de control ES-MaACL
005 - FECHA Y HORA DE LA ÚLTIMA TRANSACCIÓN
campo de control 20240129115655.0
008 - DATOS DE LONGITUD FIJA--INFORMACIÓN GENERAL
campo de control de longitud fija 110730s2009 sp |||| |dspa d
020 ## - NÚMERO INTERNACIONAL ESTÁNDAR DEL LIBRO
Número Internacional Estándar del Libro 978-84-7784-548-5
080 ## - NÚMERO DE LA CLASIFICACIÓN DECIMAL UNIVERSAL
Número de la Clasificación Decimal Universal 929 Miró, Gabriel
100 1# - ENTRADA PRINCIPAL--NOMBRE DE PERSONA
Nombre de persona Miró, Gabriel.
9 (RLIN) 81602
245 10 - MENCIÓN DEL TÍTULO
Título Epistolario /
Mención de responsabilidad, etc. Gabriel Miró ; edición de Ian R. Macdonald y Frederic Barberà, con la colaboración de Alba Chaparro.
260 ## - PUBLICACIÓN, DISTRIBUCIÓN, ETC.
Lugar de publicación, distribución, etc. Alicante :
Nombre del editor, distribuidor, etc. Caja Mediterráneo :
-- Instituto Alicantino de Cultura "Juan Gil-Albert",
Fecha de publicación, distribución, etc. 2009.
300 ## - DESCRIPCIÓN FÍSICA
Extensión 749 p. :
Otras características físicas 1 retr. ;
Dimensiones 23 cm.
490 1# - MENCIÓN DE SERIE
Mención de serie Obra completa ;
Designación de volumen o secuencia 20
500 ## - NOTA GENERAL
Nota general Índice onomástico.
504 ## - NOTA DE BIBLIOGRAFÍA, ETC.
Nota de bibliografía, etc. Bibliografía. p. [35]-39.
600 17 - PUNTO DE ACCESO ADICIONAL DE MATERIA--NOMBRE DE PERSONA
Nombre de persona Miró, Gabriel-
Subdivisión de forma Correspondencia.
9 (RLIN) 147484
700 1# - ENTRADA AGREGADA--NOMBRE PERSONAL
Nombre de persona MacDonald, Ian R.
9 (RLIN) 147485
700 1# - ENTRADA AGREGADA--NOMBRE PERSONAL
Nombre de persona Barberà, Frederic.
9 (RLIN) 147486
700 1# - ENTRADA AGREGADA--NOMBRE PERSONAL
Nombre de persona Chaparro, Alba.
9 (RLIN) 147487
710 2# - ENTRADA AGREGADA--NOMBRE DE ENTIDAD CORPORATIVA
Nombre de entidad corporativa o nombre de jurisdicción como elemento de entrada Instituto de Cultura "Juan Gil-Albert"
9 (RLIN) 4857
830 0# - PUNTO DE ACCESO ADICIONAL DE SERIE-TÍTULO UNIFORME
Título uniforme Obra completa ;
Designación de volumen o secuencia 20
9 (RLIN) 228229
852 ## - LOCALIZACIÓN
Ubicación ES-MaACL
Número de control de estantería A-11395
itemnumber 185767
Sublocalización o colección R.145788
Ubicación en estantería Depósito 1
Signatura antigua Olim: N-4399
Encuadernación Donación: Editorial
942 ## - ELEMENTOS DE ENTRADA SECUNDARIOS (KOHA)
Fuente del sistema de clasificación o colocación Clasificación decimal universal
Tipo de ítem Koha Libro impreso
Holdings
Estatus retirado Estado de pérdida Fuente del sistema de clasificación o colocación Estado de daño No para préstamo Biblioteca de origen Biblioteca actual Ubicación en estantería Fecha de adquisición Fuente de adquisición Total de préstamos Signatura topográfica completa Código de barras Visto por última vez Precio de reemplazo Tipo de ítem Koha
    Clasificación decimal universal     Biblioteca del Ateneo de Madrid Biblioteca del Ateneo de Madrid Depósito 1 29/07/2011 Donación   A-11395 1187922 23/02/2023 23/02/2023 Libro impreso